[Event "24. European Club Cup 2008 Femenino"]
[Site "Kallithea GRE"]
[Date "2008.10.19"]
[Round "3.2"]
[White "Turova, Irina"]
[Black "Socko, Monika"]
[Result "1/2-1/2"]
[WhiteElo "2381"]
[BlackElo "2434"]
[PlyCount "69"]
[EventDate "2008.10.17"]
[EventType "team-tourn"]
[EventRounds "7"]
[EventCountry "GRE"]
[Source "lmi"]
[SourceDate "2008.10.17"]
[WhiteTeam "Finek"]
[BlackTeam "CEMC"]

1. d4 Nf6 2. c4 e6 3. Nc3 Bb4 4. Bg5 h6 5. Bh4 c5 6. d5 Bxc3+ 7. bxc3 d6 8. Nf3
e5 9. Nd2 Nbd7 10. e4 Nf8 11. f3 g5 12. Bf2 Ng6 13. Be3 Qe7 14. Rb1 Kf8 15. g3
Kg7 16. Bd3 Nh5 17. Bf2 Nf6 18. Nf1 b6 19. Ne3 Qe8 20. Rg1 Kf8 21. Qe2 Rg8 22.
Rh1 Bd7 23. Bc2 Qc8 24. Nf5 Bxf5 25. exf5 Ne7 26. g4 Rb8 27. h4 b5 28. hxg5
hxg5 29. cxb5 Nexd5 30. Qd2 Ke7 31. Rd1 Qc7 32. c4 Nf4 33. Bg3 Rbd8 34. Kf2 Qb7
35. Bxf4 1/2-1/2

[Event "24. European Club Cup 2008 Femenino"]
[Site "Kallithea GRE"]
[Date "2008.10.19"]
[Round "3.3"]
[White "Mkrtchian, Lilit"]
[Black "Matveeva, Svetlana"]
[Result "1-0"]
[WhiteElo "2443"]
[BlackElo "2411"]
[PlyCount "101"]
[EventDate "2008.10.17"]
[EventType "team-tourn"]
[EventRounds "7"]
[EventCountry "GRE"]
[Source "lmi"]
[SourceDate "2008.10.17"]
[WhiteTeam "Mika"]
[BlackTeam "Epam"]

1. e4 c5 2. Nf3 e6 3. d4 cxd4 4. Nxd4 a6 5. Bd3 Nc6 6. Nxc6 dxc6 7. Nd2 e5 8.
Nc4 Nf6 9. O-O Qc7 10. Bd2 b5 11. Ba5 Qb8 12. Nb6 Ra7 13. Nxc8 Qxc8 14. c4 Qb8
15. cxb5 axb5 16. b4 Be7 17. Rc1 c5 18. a4 O-O 19. axb5 cxb4 20. Ra1 Nd7 21.
Bc4 Nb6 22. Bxb6 Qxb6 23. Rxa7 Qxa7 24. Qd5 Qc5 25. Rc1 Rc8 26. b6 Qxd5 27.
exd5 Rb8 28. Bb3 Rxb6 29. Rc7 Bd6 30. Rc8+ Bf8 31. Rc7 Rf6 32. Kf1 g6 33. Ke2
Bd6 34. Rc6 e4 35. Bc2 Kg7 36. Bxe4 Bxh2 37. g3 Bg1 38. Rxf6 Kxf6 39. Bc2 Ke5
40. Bb3 f5 41. Kf1 Bxf2 42. Kxf2 h5 43. Kf3 g5 44. Ke3 h4 45. gxh4 gxh4 46. Kf3
Kd6 47. Kf4 Kc5 48. Ke5 h3 49. d6 h2 50. Bd5 b3 51. d7 1-0

[Event "24. European Club Cup 2008 Femenino"]
[Site "Kallithea GRE"]
[Date "2008.10.19"]
[Round "3.4"]
[White "Peptan, Corina-Isabela"]
[Black "Muzychuk, Anna"]
[Result "0-1"]
[WhiteElo "2430"]
[BlackElo "2508"]
[PlyCount "74"]
[EventDate "2008.10.17"]
[EventType "team-tourn"]
[EventRounds "7"]
[EventCountry "GRE"]
[Source "lmi"]
[SourceDate "2008.10.17"]
[WhiteTeam "Iasi"]
[BlackTeam "Podgorica"]

1. e4 e5 2. Nf3 Nc6 3. Bb5 a6 4. Ba4 Nf6 5. O-O Be7 6. Re1 b5 7. Bb3 d6 8. c3
O-O 9. h3 Na5 10. Bc2 d5 11. Nxe5 dxe4 12. d4 c5 13. Nd2 cxd4 14. Nxe4 dxc3 15.
Qxd8 Rxd8 16. Nxc3 Be6 17. a3 Rac8 18. Bg5 h6 19. Ng6 Bd6 20. Bxf6 gxf6 21.
Rad1 Kg7 22. Nh4 Nc4 23. Nf5+ Bxf5 24. Bxf5 Rc5 25. Ne4 Rxf5 26. b3 Re5 27.
bxc4 bxc4 28. Kf1 Re6 29. Rd4 Be7 30. Rxd8 Bxd8 31. f3 f5 32. Nc5 Rc6 33. Na4
c3 34. Rc1 Ba5 35. Ke2 Rc4 36. Kd3 Rxa4 37. Ra1 Bb4 0-1

[Event "24. European Club Cup 2008 Femenino"]
[Site "Kallithea GRE"]
[Date "2008.10.19"]
[Round "3.4"]
[White "Maric, Alisa"]
[Black "Cosma, Elena Luminita"]
[Result "1/2-1/2"]
[WhiteElo "2405"]
[BlackElo "2340"]
[PlyCount "63"]
[EventDate "2008.10.17"]
[EventType "team-tourn"]
[EventRounds "7"]
[EventCountry "GRE"]
[Source "lmi"]
[SourceDate "2008.10.17"]
[WhiteTeam "Podgorica"]
[BlackTeam "Iasi"]

1. Nf3 d5 2. d4 e6 3. c4 Nf6 4. e3 Nbd7 5. Bd3 dxc4 6. Bxc4 a6 7. a4 Be7 8. O-O
O-O 9. Nc3 c5 10. Qe2 cxd4 11. exd4 Nb6 12. Bb3 Nbd5 13. Ne5 Qb6 14. Nxd5 exd5
15. Qd3 Bf5 16. Qxf5 Qxb3 17. Bg5 g6 18. Qd3 Qxd3 19. Nxd3 Kg7 20. Rfe1 Bd6 21.
Nc5 Bxc5 22. dxc5 Rfe8 23. f3 Nd7 24. Be3 Ne5 25. Rad1 Rad8 26. Bd4 f6 27. Bc3
d4 28. Bxd4 Rxd4 29. Rxd4 Nxf3+ 30. gxf3 Rxe1+ 31. Kf2 Re7 32. h4 1/2-1/2

[Event "24. European Club Cup 2008 Femenino"]
[Site "Kallithea GRE"]
[Date "2008.10.19"]
[Round "3.4"]
[White "Motoc, Alina"]
[Black "Gaponenko, Inna"]
[Result "1/2-1/2"]
[WhiteElo "2313"]
[BlackElo "2473"]
[PlyCount "97"]
[EventDate "2008.10.17"]
[EventType "team-tourn"]
[EventRounds "7"]
[EventCountry "GRE"]
[Source "lmi"]
[SourceDate "2008.10.17"]
[WhiteTeam "Iasi"]
[BlackTeam "Podgorica"]

1. d4 Nf6 2. c4 e6 3. Nc3 Bb4 4. Qc2 d5 5. a3 Bxc3+ 6. Qxc3 c5 7. dxc5 d4 8.
Qg3 Nc6 9. Qxg7 Rg8 10. Qh6 Rg6 11. Qd2 Ne4 12. Qc2 Nxc5 13. b4 d3 14. exd3 Nd4
15. Qd1 Ncb3 16. Rb1 Bd7 17. Ne2 e5 18. Be3 a5 19. Nxd4 Nxd4 20. b5 Qe7 21. a4
O-O-O 22. Bxd4 exd4+ 23. Kd2 Bf5 24. Rg1 Qh4 25. Qf3 Bg4 26. Qg3 Qh6+ 27. f4
Qf8 28. Qe1 Re6 29. Qc1 Qh6 30. g3 Qxh2+ 31. Rg2 Qh1 32. Kc2 Rde8 33. Qd2 b6
34. Qf2 Re3 35. Rh2 Qb7 36. Kb3 Qe7 37. Ka2 Qc5 38. Rh6 Kd7 39. Rb2 Rf3 40. Qg1
Re1 41. Bh3 Rxg1 42. Bxg4+ Ke7 43. Bxf3 Ra1+ 44. Kxa1 Qa3+ 45. Kb1 Qxd3+ 46.
Ka2 Qxc4+ 47. Rb3 Qc2+ 48. Ka3 Qc1+ 49. Ka2 1/2-1/2

[Event "24. European Club Cup 2008 Femenino"]
[Site "Kallithea GRE"]
[Date "2008.10.19"]
[Round "3.4"]
[White "Kovalevskaya, Ekaterina"]
[Black "Padurariu, Ioana-Smaranda"]
[Result "1-0"]
[WhiteElo "2439"]
[BlackElo "2179"]
[PlyCount "119"]
[EventDate "2008.10.17"]
[EventType "team-tourn"]
[EventRounds "7"]
[EventCountry "GRE"]
[Source "lmi"]
[SourceDate "2008.10.17"]
[WhiteTeam "Podgorica"]
[BlackTeam "Iasi"]

1. e4 e6 2. Qe2 c5 3. Nf3 Nc6 4. g3 g6 5. Bg2 Bg7 6. O-O Nge7 7. d3 d6 8. c3 e5
9. a3 O-O 10. b4 a6 11. Be3 b6 12. Qd2 Bb7 13. Ra2 cxb4 14. axb4 d5 15. Na3 d4
16. cxd4 exd4 17. Bh6 Qd6 18. Nc4 Qxb4 19. Qf4 b5 20. Nd6 Bc8 21. Nxc8 Raxc8
22. Rxa6 Qb3 23. Bh3 Ra8 24. Rb6 Qxd3 25. Bxg7 Kxg7 26. Ne5 Qc3 27. Bd7 Qc5 28.
Bxc6 Qxb6 29. Bxa8 Qd6 30. Bd5 Nxd5 31. exd5 Qxd5 32. Rd1 Rd8 33. Nd3 Rd7 34.
Qe5+ Qxe5 35. Nxe5 Rd5 36. Nd3 Kf6 37. f3 g5 38. Kf2 h5 39. Ke2 Rd8 40. Rb1 Rd5
41. Rb2 h4 42. g4 Kg6 43. Rc2 Rd8 44. Rc6+ f6 45. Ne5+ Kg7 46. Rc7+ Kg8 47. Nd7
Re8+ 48. Kd2 Re6 49. Rb7 Ra6 50. Kd3 Ra3+ 51. Ke4 Kf7 52. Ne5+ Ke6 53. Rb6+ Ke7
54. Nc6+ Kf7 55. Nxd4 h3 56. Rb7+ Ke8 57. Rh7 b4 58. Rxh3 b3 59. Rh8+ Kd7 60.
Rb8 1-0

[Event "24. European Club Cup 2008 Femenino"]
[Site "Kallithea GRE"]
[Date "2008.10.19"]
[Round "3.5"]
[White "Cherenkova, Kristina"]
[Black "Boric, Elena"]
[Result "1-0"]
[WhiteElo "2245"]
[BlackElo "2292"]
[PlyCount "89"]
[EventDate "2008.10.17"]
[EventType "team-tourn"]
[EventRounds "7"]
[EventCountry "GRE"]
[Source "lmi"]
[SourceDate "2008.10.17"]
[WhiteTeam "Aspropirgos"]
[BlackTeam "Rudar"]

1. e4 e6 2. d3 c5 3. Nf3 Nc6 4. g3 g6 5. Bg2 Bg7 6. O-O Nge7 7. c3 O-O 8. Be3
d6 9. Nh4 h6 10. f4 f5 11. Nd2 Kh7 12. Kh1 Rb8 13. g4 Ng8 14. g5 e5 15. exf5
Bxf5 16. Ne4 exf4 17. Bxf4 Ne5 18. gxh6 Bxe4 19. hxg7 Bxg2+ 20. Nxg2 Kxg7 21.
d4 cxd4 22. Qxd4 Qe7 23. Qxa7 g5 24. Bg3 Ra8 25. Bxe5+ dxe5 26. Qg1 Nh6 27. Ne3
Rxf1 28. Qxf1 Qe6 29. Qg2 Rxa2 30. Rxa2 Qxa2 31. Qxg5+ Kh7 32. Qe7+ Kg6 33.
Qxb7 Qb1+ 34. Kg2 Qd3 35. Qc6+ Kg5 36. h4+ Kh5 37. Qf3+ Kxh4 38. Qg3+ Kh5 39.
Qxe5+ Kg6 40. Kf3 Qa6 41. b4 Kf7 42. b5 Qa1 43. b6 Qb1 44. Qc7+ Ke6 45. b7 1-0

[Event "24. European Club Cup 2008 Femenino"]
[Site "Kallithea GRE"]
[Date "2008.10.19"]
[Round "3.5"]
[White "Iordanidou, Zoi"]
[Black "Dragovic, Nada"]
[Result "1-0"]
[WhiteElo "2110"]
[BlackElo "2011"]
[PlyCount "55"]
[EventDate "2008.10.17"]
[EventType "team-tourn"]
[EventRounds "7"]
[EventCountry "GRE"]
[Source "lmi"]
[SourceDate "2008.10.17"]
[WhiteTeam "Aspropirgos"]
[BlackTeam "Rudar"]

1. e4 d6 2. d4 c6 3. Nc3 Qc7 4. Be3 e5 5. Qd2 Nf6 6. f3 Be7 7. g4 b6 8. Nge2
Ba6 9. g5 Nfd7 10. Ng3 Bxf1 11. Rxf1 O-O 12. d5 c5 13. Nf5 Qd8 14. Nb5 f6 15.
Nxe7+ Qxe7 16. Nc7 fxg5 17. Bxg5 Nf6 18. Nxa8 Qb7 19. Rg1 Qxa8 20. Bxf6 Rxf6
21. Qg5 Rf7 22. Qd8+ Rf8 23. Qxd6 Na6 24. Qxe5 g6 25. O-O-O Rxf3 26. d6 Rf8 27.
d7 Nb4 28. Rd6 1-0

[Event "24. European Club Cup 2008 Femenino"]
[Site "Kallithea GRE"]
[Date "2008.10.19"]
[Round "3.6"]
[White "Ciuksyte, Dagne"]
[Black "Congiu, Mathilde"]
[Result "1/2-1/2"]
[WhiteElo "2339"]
[BlackElo "2230"]
[PlyCount "66"]
[EventDate "2008.10.17"]
[EventType "team-tourn"]
[EventRounds "7"]
[EventCountry "GRE"]
[Source "lmi"]
[SourceDate "2008.10.17"]
[WhiteTeam "Panevezys"]
[BlackTeam "Vandoeucre"]

1. c4 e5 2. Nc3 Nc6 3. g3 g6 4. Bg2 Bg7 5. e3 d6 6. Nge2 f5 7. O-O Nh6 8. Rb1
O-O 9. b4 a6 10. a4 Kh8 11. b5 axb5 12. axb5 Ne7 13. Nd5 Nxd5 14. cxd5 Bd7 15.
f4 Ra5 16. Nc3 Ng4 17. Qb3 b6 18. Qc4 Nf6 19. Bb2 Ne4 20. Bxe4 fxe4 21. Ra1 Bh3
22. Rfc1 exf4 23. exf4 g5 24. Rxa5 bxa5 25. Ba1 gxf4 26. Nxe4 Qe7 27. Bxg7+
Qxg7 28. Qc3 Qxc3 29. Rxc3 fxg3 30. hxg3 Bf5 31. d3 Rb8 32. Rxc7 Rxb5 33. Nxd6
Rxd5 1/2-1/2

[Event "24. European Club Cup 2008 Femenino"]
[Site "Kallithea GRE"]
[Date "2008.10.19"]
[Round "3.6"]
[White "Steil-Antoni, Fiona"]
[Black "Daulyte, Deimante"]
[Result "1/2-1/2"]
[WhiteElo "2166"]
[BlackElo "2278"]
[PlyCount "74"]
[EventDate "2008.10.17"]
[EventType "team-tourn"]
[EventRounds "7"]
[EventCountry "GRE"]
[Source "lmi"]
[SourceDate "2008.10.17"]
[WhiteTeam "Vandoeucre"]
[BlackTeam "Panevezys"]

1. e4 e5 2. Nf3 Nc6 3. d4 exd4 4. Bc4 Nf6 5. O-O Nxe4 6. Re1 d5 7. Bxd5 Qxd5 8.
Nc3 Qa5 9. Nxe4 Be6 10. Bd2 Bb4 11. Nxd4 Nxd4 12. c3 Be7 13. cxd4 Qd5 14. Bb4
Bf6 15. Nxf6+ gxf6 16. Re3 h5 17. Qf3 Qxf3 18. Rxf3 Rh6 19. Re1 Rd8 20. Bc3 Rd5
21. a3 h4 22. Rf4 Kd7 23. Ree4 Rdh5 24. Re3 Rg6 25. g3 a5 26. Ree4 hxg3 27.
fxg3 Bd5 28. Rh4 Bxe4 29. Rxh5 b6 30. Kf2 f5 31. Rh7 Ke7 32. Rh8 Bd5 33. h4 Rg4
34. Rh5 Ke6 35. Rh6+ Ke7 36. Rh5 Ke6 37. Rh6+ Ke7 1/2-1/2

[Event "24. European Club Cup 2008 Femenino"]
[Site "Kallithea GRE"]
[Date "2008.10.19"]
[Round "3.7"]
[White "Karlovich, Anastazia"]
[Black "Ushenina, Anna"]
[Result "0-1"]
[WhiteElo "2256"]
[BlackElo "2496"]
[PlyCount "88"]
[EventDate "2008.10.17"]
[EventType "team-tourn"]
[EventRounds "7"]
[EventCountry "GRE"]
[Source "lmi"]
[SourceDate "2008.10.17"]
[WhiteTeam "Gross-Lehna"]
[BlackTeam "Saratov"]

1. e4 c5 2. Nf3 e6 3. c3 Nf6 4. e5 Nd5 5. d4 cxd4 6. cxd4 d6 7. a3 Nc6 8. Bd3
g6 9. O-O Bg7 10. Re1 O-O 11. Qe2 dxe5 12. dxe5 f6 13. exf6 Qxf6 14. Bc4 Kh8
15. Nbd2 Nf4 16. Qe3 e5 17. Ne4 Qe7 18. Qc5 Nh3+ 19. gxh3 Qxc5 20. Nxc5 Rxf3
21. Be3 Rf8 22. Rad1 Bxh3 23. Nxb7 Bg4 24. Rd2 Nd4 25. Bxd4 exd4 26. Nd6 Bf6
27. Bd5 Rab8 28. b4 Kg7 29. Bg2 Rbd8 30. Ne4 Rfe8 31. Rc1 Be5 32. h3 Be6 33.
Rcd1 Bb3 34. Rb1 Bc4 35. Rbd1 d3 36. Nc5 Bc3 37. Rxd3 Bxd3 38. Rxd3 Re1+ 39.
Bf1 Rxd3 40. Nxd3 Ra1 41. b5 Rxa3 42. Kg2 Bd4 43. Kf3 Rb3 44. Ke4 Bb6 0-1

[Event "24. European Club Cup 2008 Femenino"]
[Site "Kallithea GRE"]
[Date "2008.10.19"]
[Round "3.7"]
[White "Harika, Dronavalli"]
[Black "Voicu, Carmen"]
[Result "1-0"]
[WhiteElo "2462"]
[BlackElo "2239"]
[PlyCount "71"]
[EventDate "2008.10.17"]
[EventType "team-tourn"]
[EventRounds "7"]
[EventCountry "GRE"]
[Source "lmi"]
[SourceDate "2008.10.17"]
[WhiteTeam "Saratov"]
[BlackTeam "Gross-Lehna"]

1. Nf3 Nf6 2. c4 e6 3. Nc3 c5 4. g3 b6 5. Bg2 Bb7 6. O-O Be7 7. Re1 Ne4 8. d4
Nxc3 9. bxc3 Be4 10. Bf1 Bxf3 11. exf3 Nc6 12. d5 Na5 13. Bd3 Bf6 14. Qc2 h6
15. Bf4 g5 16. Be3 Qe7 17. Rab1 Kf8 18. Be4 Rc8 19. Qd3 Kg7 20. f4 g4 21. f3 h5
22. f5 e5 23. d6 Qf8 24. f4 exf4 25. Bxf4 Nc6 26. Bxc6 Rxc6 27. Re4 Qa8 28.
Rbe1 Rcc8 29. Qe3 Qc6 30. Be5 Bxe5 31. Qg5+ Kf8 32. Qe7+ Kg8 33. Rxe5 Qf3 34.
Qg5+ Kf8 35. f6 Rh7 36. Re8+ 1-0

[Event "24. European Club Cup 2008 Femenino"]
[Site "Kallithea GRE"]
[Date "2008.10.19"]
[Round "3.7"]
[White "Nagel, Verena"]
[Black "Paehtz, Elisabeth"]
[Result "0-1"]
[WhiteElo "2052"]
[BlackElo "2471"]
[PlyCount "64"]
[EventDate "2008.10.17"]
[EventType "team-tourn"]
[EventRounds "7"]
[EventCountry "GRE"]
[Source "lmi"]
[SourceDate "2008.10.17"]
[WhiteTeam "Gross-Lehna"]
[BlackTeam "Saratov"]

1. d4 Nf6 2. Nf3 c5 3. e3 g6 4. Be2 Bg7 5. O-O O-O 6. c4 cxd4 7. exd4 d5 8. c5
Nc6 9. Bf4 Nh5 10. Be3 Bh8 11. Nbd2 Ng7 12. Nb3 Bg4 13. Qd2 Nf5 14. Rad1 a5 15.
a4 e6 16. Rfe1 Bxf3 17. Bxf3 b6 18. Qc3 bxc5 19. Qxc5 Rc8 20. Qb5 Nd6 21. Qe2
Rb8 22. Nc5 Nf5 23. Bg4 Ncxd4 24. Bxd4 Nxd4 25. Rxd4 Bxd4 26. Nd3 Qf6 27. h3
Rfc8 28. Qd2 Bxb2 29. Re2 Bc3 30. Qe3 Rc4 31. g3 Rxa4 32. Nf4 Re4 0-1

[Event "24. European Club Cup 2008 Femenino"]
[Site "Kallithea GRE"]
[Date "2008.10.19"]
[Round "3.7"]
[White "Kovanova, Baira"]
[Black "Skogvall, Martina"]
[Result "1-0"]
[WhiteElo "2379"]
[BlackElo "2130"]
[PlyCount "93"]
[EventDate "2008.10.17"]
[EventType "team-tourn"]
[EventRounds "7"]
[EventCountry "GRE"]
[Source "lmi"]
[SourceDate "2008.10.17"]
[WhiteTeam "Saratov"]
[BlackTeam "Gross-Lehna"]

1. e4 e6 2. d4 d5 3. Nd2 c5 4. exd5 exd5 5. Ngf3 Nc6 6. Bb5 Qe7+ 7. Be2 g6 8.
O-O Bg7 9. Re1 Be6 10. c4 Nf6 11. Nb3 cxd4 12. Nfxd4 O-O 13. Nxe6 fxe6 14. Be3
d4 15. Nxd4 Nxd4 16. Qxd4 b6 17. Qh4 Qb4 18. Rab1 Rad8 19. a3 Qa4 20. Bd1 Qa5
21. Bb3 Kh8 22. Bc2 Kg8 23. Red1 Rde8 24. Rd3 Qf5 25. h3 e5 26. Rd2 Qc8 27. c5
bxc5 28. Qc4+ Kh8 29. Qxc5 Rf7 30. Qxc8 Rxc8 31. Rbd1 a5 32. Bb3 Rff8 33. Rc2
Rb8 34. Ba4 h6 35. Rd6 g5 36. Ra6 Ra8 37. Rxa8 Rxa8 38. Rc5 Ne4 39. Rc7 Rb8 40.
b4 axb4 41. axb4 Bf8 42. b5 Ra8 43. Bc2 Nd6 44. b6 Nc4 45. Bf5 Ra1+ 46. Kh2 e4
47. Rc8 1-0

[Event "24. European Club Cup 2008 Femenino"]
[Site "Kallithea GRE"]
[Date "2008.10.19"]
[Round "3.8"]
[White "Genzling, Sylvie"]
[Black "Pitam, Ella"]
[Result "1-0"]
[WhiteElo "1936"]
[BlackElo "2295"]
[PlyCount "91"]
[EventDate "2008.10.17"]
[EventType "team-tourn"]
[EventRounds "7"]
[EventCountry "GRE"]
[Source "lmi"]
[SourceDate "2008.10.17"]
[WhiteTeam "Bischwiller"]
[BlackTeam "Haifa"]

1. e4 e6 2. d4 d5 3. Nc3 Bb4 4. Nge2 dxe4 5. a3 Be7 6. Nxe4 Nf6 7. Qd3 Bd7 8.
Bf4 Nc6 9. O-O-O Nd5 10. Bg3 f5 11. N4c3 O-O 12. Nxd5 exd5 13. h4 Na5 14. Nf4
c6 15. Kb1 Qb6 16. Qc3 Kh8 17. h5 Rfe8 18. Ng6+ hxg6 19. hxg6+ Kg8 20. Be5 Bh4
21. Rxh4 Rxe5 22. dxe5 Re8 23. Qh3 Kf8 24. Rh8+ Ke7 25. Rxe8+ Bxe8 26. Qxf5 d4
27. Be2 c5 28. Qg5+ Kf8 29. Rh1 Bxg6 30. Rh8+ Kf7 31. Qf4+ Ke6 32. Bg4+ Kd5 33.
Bf3+ Kc4 34. Be2+ Kd5 35. Qf3+ Ke6 36. Qg4+ Ke7 37. Qg5+ Kf7 38. Rh3 c4 39.
Rf3+ Ke8 40. Qf4 Qc5 41. Rh3 Qb6 42. Rh8+ Ke7 43. Qf8+ Ke6 44. Qg8+ Kxe5 45.
Qxg7+ Kd5 46. Bf3+ 1-0

[Event "24. European Club Cup 2008 Femenino"]
[Site "Kallithea GRE"]
[Date "2008.10.19"]
[Round "3.8"]
[White "Fischer, Julie"]
[Black "Vovinkina, Natalia"]
[Result "1/2-1/2"]
[WhiteElo "1664"]
[BlackElo "2147"]
[PlyCount "61"]
[EventDate "2008.10.17"]
[EventType "team-tourn"]
[EventRounds "7"]
[EventCountry "GRE"]
[Source "lmi"]
[SourceDate "2008.10.17"]
[WhiteTeam "Bischwiller"]
[BlackTeam "Haifa"]

1. e4 e6 2. d4 d5 3. e5 c5 4. c3 Qb6 5. Nf3 Nc6 6. Be2 f6 7. O-O Bd7 8. exf6
Nxf6 9. Re1 cxd4 10. cxd4 Bd6 11. Nc3 a6 12. Na4 Qc7 13. Nc5 Nxd4 14. Nxd7
Nxe2+ 15. Qxe2 Qxd7 16. Qxe6+ Qxe6 17. Rxe6+ Kd7 18. Re2 Rac8 19. Bg5 Rhe8 20.
Rxe8 Nxe8 21. Rc1 Nc7 22. g3 Re8 23. Kf1 Ne6 24. Rd1 Nc7 25. Be3 b5 26. Bb6 Kc6
27. Ba5 g6 28. Rc1+ Kb7 29. Rd1 Kc6 30. Rc1+ Kb7 31. Rd1 1/2-1/2

[Event "24. European Club Cup 2008 Femenino"]
[Site "Kallithea GRE"]
[Date "2008.10.19"]
[Round "3.9"]
[White "Botvinnik, Irina"]
[Black "Grapsa, Georgia"]
[Result "1-0"]
[WhiteElo "2239"]
[BlackElo "2121"]
[PlyCount "107"]
[EventDate "2008.10.17"]
[EventType "team-tourn"]
[EventRounds "7"]
[EventCountry "GRE"]
[Source "lmi"]
[SourceDate "2008.10.17"]
[WhiteTeam "Herzliya"]
[BlackTeam "Galaxias"]

1. c4 c5 2. Nc3 g6 3. g3 Bg7 4. Bg2 Nc6 5. a3 Nf6 6. Rb1 O-O 7. b4 cxb4 8. axb4
a6 9. e4 d6 10. Nge2 Ne5 11. d3 Bg4 12. h3 Bf3 13. Bxf3 Nxf3+ 14. Kf1 Nd7 15.
Be3 e5 16. Kg2 Nd4 17. h4 h6 18. Nd5 Ne6 19. Qd2 Kh7 20. f4 f5 21. h5 g5 22.
fxg5 Nxg5 23. Bxg5 hxg5 24. exf5 Rxf5 25. Qe3 Nf6 26. Nec3 Kh6 27. Nxf6 Qxf6
28. Nd5 Qf7 29. g4 Rf4 30. Nxf4 exf4 31. Qf3 Re8 32. Rhe1 Rf8 33. b5 a5 34. b6
Bc3 35. Rec1 Bb4 36. Rc2 Rc8 37. Re2 Rc6 38. Qe4 Rxb6 39. Kf3 Rc6 40. Qd4 Kh7
41. Rbb2 Rc7 42. Qe4+ Kh6 43. Qf5 Qxf5 44. gxf5 d5 45. Re6+ Kh7 46. cxd5 Rc3
47. Ke4 Rc7 48. d6 Rc8 49. Rg2 Rd8 50. Rxg5 Bxd6 51. f6 a4 52. Rg7+ Kh6 53.
Rxb7 a3 54. f7+ 1-0

[Event "24. European Club Cup 2008 Femenino"]
[Site "Kallithea GRE"]
[Date "2008.10.19"]
[Round "3.9"]
[White "Paganoglou, Anastasia"]
[Black "Len, Irina"]
[Result "0-1"]
[WhiteElo "1953"]
[BlackElo "2091"]
[PlyCount "108"]
[EventDate "2008.10.17"]
[EventType "team-tourn"]
[EventRounds "7"]
[EventCountry "GRE"]
[Source "lmi"]
[SourceDate "2008.10.17"]
[WhiteTeam "Galaxias"]
[BlackTeam "Herzliya"]

1. e4 d5 2. exd5 Nf6 3. Nf3 Nxd5 4. d4 Bg4 5. Be2 e6 6. O-O Be7 7. Be3 O-O 8.
Nbd2 Nd7 9. Ne4 Nxe3 10. fxe3 c5 11. c3 Qc7 12. Nfg5 Bf5 13. Bd3 h6 14. Nf3
Rad8 15. Qe2 c4 16. Bc2 b5 17. Nf2 Bxc2 18. Qxc2 e5 19. Qf5 exd4 20. exd4 a6
21. Rae1 Nf6 22. Ng4 Nxg4 23. Qxg4 Bd6 24. Qh5 Rfe8 25. Nd2 Rxe1 26. Rxe1 g6
27. Qh4 Kg7 28. Ne4 g5 29. Nxg5 Be7 30. Ne6+ fxe6 31. Qg4+ Bg5 32. Re5 Kh8 33.
h4 Bf6 34. Rxe6 Qd7 35. Qe4 Rf8 36. Rxa6 b4 37. Rb6 bxc3 38. bxc3 Bg7 39. Rb7
Qd6 40. Qe7 Qg3 41. a4 Qf2+ 42. Kh2 Qf4+ 43. Kg1 Rg8 44. a5 Qc1+ 45. Kh2 Qxc3
46. a6 Qxd4 47. g3 Qf2+ 48. Kh3 Qf5+ 49. g4 Qf3+ 50. Kh2 Qxg4 51. a7 Qf4+ 52.
Kh1 Qc1+ 53. Kh2 Qd2+ 54. Kh3 Qc3+ 0-1

[Event "24. European Club Cup 2008 Femenino"]
[Site "Kallithea GRE"]
[Date "2008.10.19"]
[Round "3.9"]
[White "Lian, Marina"]
[Black "Haritopoulou, Maria-Anna"]
[Result "1-0"]
[WhiteElo "1869"]
[BlackElo "1688"]
[PlyCount "55"]
[EventDate "2008.10.17"]
[EventType "team-tourn"]
[EventRounds "7"]
[EventCountry "GRE"]
[Source "lmi"]
[SourceDate "2008.10.17"]
[WhiteTeam "Herzliya"]
[BlackTeam "Galaxias"]

1. e4 c5 2. Nc3 e6 3. f4 Nc6 4. Nf3 a6 5. d3 d5 6. g3 Nf6 7. e5 Nd7 8. Bh3 Be7
9. O-O O-O 10. Kh1 b5 11. a3 Bb7 12. Ne2 Qc7 13. g4 a5 14. Qe1 Kh8 15. Bd2 b4
16. Qg3 Ba6 17. axb4 axb4 18. f5 Ncxe5 19. Bf4 Bd6 20. Rae1 Rfd8 21. fxe6 Nxf3
22. Rxf3 fxe6 23. g5 e5 24. Bd2 e4 25. Rf4 exd3 26. cxd3 Bxf4 27. Nxf4 Ra7 28.
Be6 1-0

[Event "24. European Club Cup 2008 Femenino"]
[Site "Kallithea GRE"]
[Date "2008.10.20"]
[Round "4.1"]
[White "Hou, Yifan"]
[Black "Koneru, Humpy"]
[Result "1/2-1/2"]
[WhiteElo "2578"]
[BlackElo "2618"]
[PlyCount "109"]
[EventDate "2008.10.17"]
[EventType "team-tourn"]
[EventRounds "7"]
[EventCountry "GRE"]
[Source "lmi"]
[SourceDate "2008.10.17"]
[WhiteTeam "Vidnoe"]
[BlackTeam "CEMC"]

1. e4 c5 2. Nf3 e6 3. d4 cxd4 4. Nxd4 a6 5. Bd3 Bc5 6. Nb3 Be7 7. c4 d6 8. Nc3
Nf6 9. O-O Nbd7 10. f4 b6 11. Bd2 Bb7 12. Qe2 O-O 13. Kh1 Re8 14. Nd4 Qc7 15.
Rae1 g6 16. Nf3 Rad8 17. Bb1 Bf8 18. e5 Nh5 19. Be4 Ng7 20. exd6 Bxd6 21. Bxb7
Qxb7 22. Ne4 Be7 23. Bc3 f5 24. Nf2 Bf6 25. Bxf6 Nxf6 26. Rd1 Ne4 27. Rde1 Nf6
28. b3 Ngh5 29. Qe3 Qc7 30. Ne5 Rd6 31. g3 Qb7+ 32. Qf3 Qxf3+ 33. Nxf3 Red8 34.
Kg2 a5 35. Re2 Nd7 36. a3 Nhf6 37. Ng5 Nc5 38. b4 axb4 39. axb4 Na6 40. Rb1 Rd2
41. Kf1 Rxe2 42. Kxe2 Rd4 43. Ra1 Nc7 44. Rc1 Rd8 45. Nf3 Ra8 46. Rc2 Kf8 47.
Ne5 b5 48. Nfd3 bxc4 49. Nxc4 Nb5 50. Rb2 Nd5 51. Kf2 Ke7 52. Nce5 Ra3 53. Rc2
Nbc3 54. Nc6+ Kf6 55. Nce5 1/2-1/2

[Event "24. European Club Cup 2008 Femenino"]
[Site "Kallithea GRE"]
[Date "2008.10.20"]
[Round "4.2"]
[White "Muzychuk, Anna"]
[Black "Hoang, Thanh Trang"]
[Result "1/2-1/2"]
[WhiteElo "2508"]
[BlackElo "2483"]
[PlyCount "55"]
[EventDate "2008.10.17"]
[EventType "team-tourn"]
[EventRounds "7"]
[EventCountry "GRE"]
[Source "lmi"]
[SourceDate "2008.10.17"]
[WhiteTeam "Podgorica"]
[BlackTeam "Epam"]

1. e4 e6 2. d4 d5 3. exd5 exd5 4. Nf3 Nf6 5. c4 Be7 6. Nc3 Nc6 7. h3 O-O 8. Be2
Be6 9. c5 Ne4 10. O-O b6 11. Bb5 Na5 12. cxb6 axb6 13. Qc2 Nxc3 14. Qxc3 Bd6
15. Bg5 Qc8 16. Rfe1 h6 17. Bh4 Nc4 18. Ne5 Bxe5 19. dxe5 c6 20. Bxc4 dxc4 21.
a3 Bd5 22. Re3 Qf5 23. Rf1 Rfe8 24. f4 Qh5 25. Be1 f5 26. exf6 Rxe3 27. Qxe3
Qg6 28. Qg3 1/2-1/2

[Event "24. European Club Cup 2008 Femenino"]
[Site "Kallithea GRE"]
[Date "2008.10.20"]
[Round "4.2"]
[White "Gaponenko, Inna"]
[Black "Atalik, Ekaterina"]
[Result "1/2-1/2"]
[WhiteElo "2473"]
[BlackElo "2432"]
[PlyCount "34"]
[EventDate "2008.10.17"]
[EventType "team-tourn"]
[EventRounds "7"]
[EventCountry "GRE"]
[Source "lmi"]
[SourceDate "2008.10.17"]
[WhiteTeam "Podgorica"]
[BlackTeam "Epam"]

1. e4 e5 2. Nf3 Nc6 3. Bb5 a6 4. Bxc6 dxc6 5. O-O f6 6. d4 Bg4 7. dxe5 Qxd1 8.
Rxd1 fxe5 9. Nbd2 O-O-O 10. Re1 Bd6 11. h3 Bh5 12. Nh4 Bb4 13. c3 Be7 14. Nhf3
Bd6 15. Nh4 Be7 16. Nhf3 Bd6 17. Nh4 Be7 1/2-1/2